000
00202 a2200097 4500
001
14274
100
_a
Norris,
245
_a
Good English
260
_a
Bombay
_b
D.B Taraporevala
_c
090
_c
11184
_d
11184
942
_a
NUST-CAE
_c
_c
1319
999
_c
249347
_d
249347